15 Famous People from Georgia - Statistics

General Stats
  • This quiz has been taken 46 times
    12 since last reset
  • The average score is 3 of 15
Answer Stats
Hint Answer % Correct
Revolutionary leader who led the Soviet Union from 1924 until his death in 1953 Joseph Stalin
90%
Mayor of Tbilisi and former footballer who played for AC Milan Kakha Kaladze
40%
Left winger who played for Napoli and Paris Saint-Germain Khvicha Kvaratskhelia
30%
Third president of Georgia from 2004 to 2013 Mikheil Saakashvili
30%
Foreign Minister of USSR and second President of of Georgia from 1995 to 2003 Eduard Shevardnadze
20%
The first female to be elected as president in the country's history in 2018 Salome Zourabichvili
20%
Queen Regnant from 1184 to 1213, reigning at the height of the Georgian Golden Age {Tamar} the Great
20%
King of Georgia from 1089 until 1125 and most successful Georgian ruler in history {David} the Builder
10%
Basketball player who played for Indiana Pacers and Orlando Magic Goga Bitadze
10%
Georgian-British singer who is one of United Kingdom's best-selling female artists Katie Melua
10%
World Chess Champion and first woman ever with FIDE Grandmaster title Nona Gaprindashvili
10%
Basketball power forward who played for Brooklyn, Baskonia, CSKA and Virtus Tornike Shengelia
10%
Basketball player who was NBA champion with Golden State in 2017 and 2018 Zaza Pachulia
10%
Women's World Chess Champion from 1978 to 1991 Maia Chiburdanidze
0%
Footballer and Georgia's top scorer with 26 goals Shota Arveladze
0%
No matching quizzes found
Score Distribution
Percent of People with Each Score
Percentile by Number Answered
Your Score History
You have not taken this quiz since the last reset